00657nam a2200145 a 4500008004100000050001600041110004000057245007900097260005100176300002000227650005500247995007800302999001700380952011400397121219s2011 ||||||||||||||||| || u aZANACO(058) aZambia National Commercial Bank plc10aZanaco 2011 annual reportcby Zambia National Commercial Bank Plc [ZANACO] aLusaka:bZambia National Commercial Bankc2011 a[i], 79p.: ill. aZAMBIA NATIONAL COMMERCIAL BANK PLC--ANNUAL REPORT FCBU-MAIN LIBRARY (Kitwe)M1UAVAILABLEWDec 27, 2012ZZambiana Collection c62445d62445 00102lcc4070a001b001cZambiana Collectiond2022-11-30l0oZANACO(058)pB416r2022-11-30w2022-11-30y002